000 00342nam a2200133 a 4500
001 4140
005 20140414131953.0
008 090218s19uu xx 00 eng d
050 _aTR 428.4
_bM11P 2004
100 _aMah, May S. M.
245 _aPop and his dog & in the fox in the box, series 1-Book 4.
999 _c112833
_d112833